01013 a2200205 4500003000500000005001700005010001600022020001500038040000900053082001400062100001400076245011200090260005800202300003500260440004300295505036400338650005100702650003500753700001900788Nust20220802124020.0 a 00302627 a0852967632 cNust00a621.3,ROZ1 aRozzi, T.10aAdvanced electromagnetic analysis of passive and active planar structures /cTullio Rozzi and Marco Farina. aLondon :bInstitution of Electrical Engineers,c1999. aviii, 252 p. :bill. ;c24 cm. 0aIEE electromagnetic waves series ;v46 aIntroduction (Page-1), Fundamentals of Electromagnetic (Page-23), Propagation in Closed Waveguides (Page-75), Ideal Planar Waveguides on Multilayered Substrate: 2D analysis (Page-117), Passive and active Planar Waveguides on Multilayered Substrate;2D Analysis (Page-165), Passive and active Planar Waveguides on multilayered substrate: 3D Analysis (Page-210). 0aElectric filters, ActivexMathematical models. 0aTelecommunication Engineering.1 aFarina, Marco,